书目信息 |
| 题名: |
奥地利一本就GO!
|
|
| 作者: | ;墨刻编辑部 编著 | |
| 分册: | ||
| 出版信息: | 北京 人民邮电出版社 2009.09 |
|
| 页数: | 163页 | |
| 开本: | 21cm | |
| 丛书名: | 一本就GO! | |
| 单 册: | ||
| 中图分类: | K952.19 | |
| 科图分类: | ||
| 主题词: | 旅游指南--Lu^ You Zhi Nan--奥地利 | |
| 电子资源: | ||
| ISBN: | 978-7-115-21297-9 | |
| 000 | 01145nam 2200253 450 | |
| 001 | 0011225228 | |
| 005 | 20100628083809.21 | |
| 010 | @a978-7-115-21297-9@dCNY25.00 | |
| 100 | @a20100515d2009 em y0chiy0110 ea | |
| 101 | 0 | @achi |
| 102 | @aCN@b110000 | |
| 105 | @aa z 000yy | |
| 200 | 1 | @a奥地利一本就GO!@Aao di li yi ben jiu GO!@f墨刻编辑部编著 |
| 210 | @a北京@c人民邮电出版社@d2009.09 | |
| 215 | @a163页@c图@d21cm | |
| 225 | 2 | @a一本就GO!@AYi Ben Jiu GO! |
| 306 | @a本书经城邦文化事业股份有限公司墨刻出版事业部独家授权, 同意经由人民邮电出版社出版中文简体字版本 | |
| 330 | @a本书分为分区导览、旅游资讯两个单元。分区导览部分将奥地利分为大维也纳(市中心、环城大道、环城大道外围、维也纳森林、多瑙河)、布尔根兰、萨尔茨堡、因斯布鲁克、格拉茨、布鲁茂百水温泉等分区,每个分区除了介绍如何抵达的交通资讯,并搭配该分区的地图,同时分4个小单元介绍最热门的景点、最时尚的购物、最受欢迎的美食、最便利的住宿,方便旅人自由搭配规划行程。 | |
| 410 | 0 | @12001 @a一本就GO! |
| 606 | 0 | @a旅游指南@ALu^ You Zhi Nan@y奥地利 |
| 690 | @aK952.19@v4 | |
| 711 | 02 | @a墨刻编辑部@Amo ke bian ji bu@4编著 |
| 801 | 0 | @aCN@c20100515 |
| 905 | @dK952.19@eM903@f3 | |
| 奥地利一本就GO!/墨刻编辑部编著.-北京:人民邮电出版社,2009.09 |
| 163页:图;21cm.-(一本就GO!) |
| ISBN 978-7-115-21297-9:CNY25.00 |
| 本书分为分区导览、旅游资讯两个单元。分区导览部分将奥地利分为大维也纳(市中心、环城大道、环城大道外围、维也纳森林、多瑙河)、布尔根兰、萨尔茨堡、因斯布鲁克、格拉茨、布鲁茂百水温泉等分区,每个分区除了介绍如何抵达的交通资讯,并搭配该分区的地图,同时分4个小单元介绍最热门的景点、最时尚的购物、最受欢迎的美食、最便利的住宿,方便旅人自由搭配规划行程。 |
| ● |
| 相关链接 |
|
|
|
正题名:奥地利一本就GO!
索取号:K952.19/M903
 
预约/预借
| 序号 | 登录号 | 条形码 | 馆藏地/架位号 | 状态 | 备注 |